| 000 | 00948nam a22003017a 4500 | ||
|---|---|---|---|
| 001 | 5201 | ||
| 003 | FISKH | ||
| 005 | 20241119083812.0 | ||
| 008 | 241119b cb ||||| |||| 00| 0 eng d | ||
| 020 | _a9780375810879 | ||
| 040 |
_aFISKH _beng _cFISKH _dFISKH |
||
| 050 | _aPZ7.H34225 | ||
| 082 | _a516 | ||
| 100 | _aHead, Judith | ||
| 245 |
_aMud soup / _cby Judith Head illustrated by Susan Guevara |
||
| 250 | _aFirst edition in 2003 | ||
| 260 |
_aNew York : _bRandom House, _c2003. |
||
| 300 |
_a48 pages : _bColor illustrations ; _c23 cm |
||
| 505 | _aE | ||
| 520 | _aJosh tries to avoid eating the "mud soup" prepared by Rosa's abuela (grandmother). Includes a recipe for black bean soup. | ||
| 521 | 8 |
_a270L
_bLexile |
|
| 521 | 8 |
_aE
_bRaz-Plus |
|
| 650 |
_2Children's fiction _aCommunity/friendship |
||
| 650 |
_2Cooking _aDelicious |
||
| 700 |
_aGuevara, Susan _dIllustrator |
||
| 942 |
_2ddc _cBK _n0 |
||
| 999 |
_c5201 _d5201 |
||